Dynamické správanie katalytických reaktorov s dezaktiváciou katalyzátora /

Gespeichert in:
Bibliographische Detailangaben
1. Verfasser: Barto, Martin (Verfasst von)
Format: Manuskript Buch
Veröffentlicht: Bratislava : SVŠT v Bratislave ChtF, 1989
Tags: Tag hinzufügen
Keine Tags, Fügen Sie das erste Tag hinzu!

MARC

LEADER 00000ntm a22000003a 4500
001 stu16892
005 20150617225758.0
008 ------s1989----cs----------------------d
040 |a STU  |b slo 
041 0
044 |a cs 
080 |a 66.023.33(043.3) 
100 1 |a Barto, Martin  |4 aut 
245 1 |a Dynamické správanie katalytických reaktorov s dezaktiváciou katalyzátora /  |c [aut.]Barto,Martin 
260 |a Bratislava :  |b SVŠT v Bratislave ChtF,  |c 1989 
300 |a 135 s :  |b Grafy,lit 
996 |b CKD146  |c C*KD146  |l CCI  |s A  |a 24  |w stu16892_0001